[Event "GER-ch U12"]
[Site "Willingen"]
[Date "2018.05.26"]
[Round "11"]
[White "Niemann, Leon Pascal"]
[Black "Hochlenert, Ben"]
[Result "1-0"]
[WhiteElo "1665"]
[BlackElo "1023"]
[PlyCount "89"]
[EventDate "2018.05.19"]
[EventType "swiss"]
[EventRounds "11"]
[EventCountry "GER"]
[SourceTitle "CBM 184 Extra"]
[Source "ChessBase"]
[SourceDate "2018.06.28"]
[SourceVersion "1"]
[SourceVersionDate "2018.06.28"]
[SourceQuality "1"]

1. e4 e5 2. Nf3 Nc6 3. Bc4 Bc5 4. c3 Nf6 5. d3 d6 6. Nbd2 Be6 7. Bb5 0-0 8. Nf1 Ne7 9. Ng3 Bg4 10. h3 Bxf3 11. Qxf3 c6 12. Ba4 d5 13. 0-0 h6 14. Bxh6 gxh6 15. Qxf6 Ng6 16. Nh5 Qxf6 17. Nxf6+ Kh8 18. Nd7 b6 19. Nxf8 Rxf8 20. Bxc6 d4 21. g3 Rg8 22. Kh2 dxc3 23. bxc3 Rd8 24. Bd5 Kg7 25. f4 f6 26. fxe5 fxe5 27. Rf7+ Kh8 28. Rxa7 Rd6 29. Rf1 Rd8 30. Rff7 Nf8 31. Rg7 Rxd5 32. exd5 b5 33. Rac7 Bd6 34. Rb7 Ba3 35. Rgc7 Bd6 36. Rc8 Kg8 37. c4 bxc4 38. dxc4 h5 39. c5 e4 40. cxd6 h4 41. gxh4 e3 42. Kg2 e2 43. Kf2 e1Q+ 44. Kxe1 Kh8 45. Rxf8# 1-0

[Event "GER-ch U12"]
[Site "Willingen"]
[Date "2018.05.24"]
[Round "8"]
[White "Sinnhoefer, Joshua"]
[Black "Hochlenert, Ben"]
[Result "1-0"]
[WhiteElo "1523"]
[BlackElo "1023"]
[PlyCount "109"]
[EventDate "2018.05.19"]
[EventType "swiss"]
[EventRounds "11"]
[EventCountry "GER"]
[SourceTitle "CBM 184 Extra"]
[Source "ChessBase"]
[SourceDate "2018.06.28"]
[SourceVersion "1"]
[SourceVersionDate "2018.06.28"]
[SourceQuality "1"]

1. e4 e5 2. f4 exf4 3. Nf3 Nf6 4. Nc3 Bb4 5. e5 Bxc3 6. bxc3 Nd5 7. Bc4 Nb6 8. Bb3 d5 9. d4 Be6 10. Bxf4 h6 11. Qd2 Nc6 12. a4 a5 13. 0-0 Qd7 14. Ne1 Nc4 15. Bxc4 dxc4 16. Rd1 Ne7 17. Rb1 Bd5 18. Ra1 Bc6 19. Qf2 Bd5 20. Nf3 0-0-0 21. Nd2 Rhf8 22. Qe2 Qe6 23. Rab1 f6 24. Ne4 Bxe4 25. Qxe4 Qd5 26. Qe2 fxe5 27. Rb5 Qd7 28. Rxe5 Nc6 29. Rc5 Rf6 30. Qxc4 Rdf8 31. d5 Rxf4 32. Rxf4 Rxf4 33. Qxf4 Qe7 34. Qf2 Qg5 35. h4 Qc1+ 36. Kh2 b6 37. dxc6 Qd1 38. Qf8+ Qd8 39. Rf5 g6 40. Rf6 b5 41. Qxd8+ Kxd8 42. Rxg6 bxa4 43. Rg4 h5 44. Rxa4 Ke7 45. Rxa5 Kd6 46. Rxh5 Kxc6 47. g4 Kd6 48. Rf5 c5 49. h5 c4 50. h6 Kc6 51. h7 Kd6 52. h8Q Kd7 53. Rf6 Ke7 54. Qg7+ Kd8 55. Rf8# 1-0